Normal view
MARC view
Entry Personal Name
001 - CONTROL NUMBER
- control field: 47909
003 - CONTROL NUMBER IDENTIFIER
- control field: OSt
005 - DATE AND TIME OF LATEST TRANSACTION
- control field: 20160320162848.0
008 - FIXED-LENGTH DATA ELEMENTS
- fixed length control field: 160320|| aca||aabn | a|a d
040 ## - CATALOGING SOURCE
- Original cataloging agency: OSt
- Transcribing agency: OSt
100 ## - HEADING--PERSONAL NAME
- Personal name: जोहन गैलतुंग
670 ## - SOURCE DATA FOUND
- Source citation: Work cat.: (OSt)41578: जोहन गैलतुंग , संघर्ष का उन्मेष और रूपान्तरण , 2007









